[Event "Lichtenrader Herbst 2019"]
[Site "Berlin"]
[Date "2019.10.16"]
[Round "5.1"]
[White "Starostits, Ilmars"]
[Black "Noetzel, Felix"]
[Result "1-0"]
[WhiteElo "2479"]
[BlackElo "2233"]
[Annotator "ChessBase"]
[PlyCount "69"]
[EventDate "2019.10.12"]
[EventType "swiss"]
[EventCountry "GER"]
[SourceTitle "playchess.com"]
[Source "ChessBase"]
[SourceQuality "1"]
[TimeControl "40/5400+30:1800+30"]

1. Nf3 {[%emt 0:00:00]} d5 {[%emt 0:00:00]} 2. d4 {[%emt 0:00:00]} Nf6 {[%emt 0:00:00]} 3. e3 {[%emt 0:00:00]} e6 {[%emt 0:00:35]} 4. Bd3 {[%emt 0:00:00]} Bd6 {[%emt 0:01:56]} 5. O-O {[%emt 0:00:00]} O-O {[%emt 0:01:10]} 6. b3 {[%emt 0:00:03]} Nbd7 {[%emt 0:02:03]} 7. Bb2 {[%emt 0:00:13]} Ne4 {[%emt 0:05:04]} 8. c4 {[%emt 0:00:10]} c6 {[%emt 0:11:05]} 9. Qc2 {[%emt 0:01:14]} f5 {[%emt 0:01:29]} 10. Ne5 {[%emt 0:00:36]} Qg5 {[%emt 0:16:48]} 11. Nd2 {[%emt 0:05:27]} Rf6 {[%emt 0:12:47]} 12. f4 {[%emt 0:01:10]} Qh5 {[%emt 0:00:12]} 13. Nxe4 {[%emt 0:01:51]} fxe4 {[%emt 0:01:47]} 14. Be2 {[%emt 0:00:07]} Qe8 {[%emt 0:01:42]} 15. a4 {[%emt 0:01:50]} Qe7 {[%emt 0:01:45]} 16. c5 {[%emt 0:00:32]} Bxe5 {[%emt 0:03:52]} 17. dxe5 {[%emt 0:00:46]} Rf7 {[%emt 0:01:11]} 18. Bd4 {[%emt 0:00:06]} a5 {[%emt 0:01:26]} 19. Rac1 {[%emt 0:03:28]} Nb8 {[%emt 0:06:59]} 20. g4 {[%emt 0:00:35]} Bd7 {[%emt 0:06:25]} 21. Qd2 {[%emt 0:01:09]} Rf8 {[%emt 0:04:25]} 22. Kh1 {[%emt 0:01:17]} Be8 {[%emt 0:04:37]} 23. f5 {[%emt 0:01:34]} Nd7 {[%emt 0:01:43]} 24. Rg1 {[%emt 0:05:25]} Qg5 {[%emt 0:05:20]} 25. Rcf1 {[%emt 0:02:05]} Bf7 {[%emt 0:03:40]} 26. Qe1 {[%emt 0:01:17]} b6 {[%emt 0:02:50]} 27. f6 {[%emt 0:01:27]} bxc5 {[%emt 0:01:17]} 28. h4 {[%emt 0:00:06]} Qg6 {[%emt 0:00:17]} 29. g5 {[%emt 0:00:35]} h5 {[%emt 0:01:16]} 30. fxg7 {[%emt 0:07:25]} Qxg7 {[%emt 0:00:35]} 31. g6 {[%emt 0:00:32]} Be8 {[%emt 0:00:25]} 32. Rf7 {[%emt 0:01:24]} Qh6 {[%emt 0:00:34]} 33. Rh7 {[%emt 0:00:22]} Qxh7 {[%emt 0:00:41]} 34. gxh7+ {[%emt 0:00:06]} Kxh7 {[%emt 0:00:03]} 35. Qg3 {[%emt 0:00:09]} 1-0

[Event "Lichtenrader Herbst 2019"]
[Site "Berlin"]
[Date "2019.10.16"]
[Round "5.2"]
[White "Tschernatsch, Johannes"]
[Black "Shishkin, Vadim"]
[Result "0-1"]
[WhiteElo "2132"]
[BlackElo "2428"]
[Annotator "TA"]
[PlyCount "86"]
[EventDate "2019.10.12"]
[EventType "swiss"]
[EventCountry "GER"]
[SourceTitle "playchess.com"]
[Source "ChessBase"]
[SourceQuality "1"]

{[%evp 27,86,-8,0,-8,0,0,0,-2,56,-3,-12,-12,-14,-14,-5,-60,-45,-71,-72,-68,-24,-45,-26,-45,-13,-17,-12,-15,-9,-105,-13,-13,-13,-12,-10,-21,-14,-19,-6,-6,-6,-13,0,-52,-44,-181,-193,-198,-185,-558,-300,-308,-292,-545,-556,-523,-524,-1826,-1701,-1719,-2137]} 1. e4 c5 2. Nf3 Nc6 3. d4 cxd4 4. Nxd4 e6 5. Nc3 d6 6. Be2 Nf6 7. O-O Be7 8. Be3 O-O 9. f4 e5 10. Nb3 exf4 11. Bxf4 Be6 12. Kh1 d5 13. exd5 Nxd5 14. Nxd5 Qxd5 15. Bf3 {B83: Sicilian Scheveningen: 6 Be2, lines without ...a6} Qc4 16. Be2 Qa4 17. Bd3 {The position is equal.} (17. Qe1 Rfe8 18. Qg3 Bc4 19. Bxc4 Qxc4 20. c3 Rad8 21. Nd2 Qd5 22. a3 Bf8 {0-1 (45) Mikkelsen,N (2473)-Hansen,C (2600) Svendborg 2016}) 17... Bc4 (17... Rfe8 $11) 18. Bxc4 (18. Nc5 $1 $14 Qb5 19. Bxc4 Qxc5 20. Qd5) 18... Qxc4 $11 19. c3 $146 ({Predecessor:} 19. Qd7 Bf6 20. c3 Rae8 21. Qxb7 Re2 22. Nd2 Qd5 23. Nf3 Ne7 24. Qxd5 Nxd5 {0-1 (69) Musaev,R (2316)-Ulko,J (2489) St Petersburg 2014}) 19... Rad8 20. Nd2 Qd3 21. Qg4 (21. Nf3 $11) 21... f5 $15 22. Qh5 g6 23. Qh6 Bf6 24. Nf3 Rfe8 25. Ng5 Qd7 26. Rfe1 Ne5 27. Bxe5 $1 Rxe5 28. h3 (28. Rxe5 $11 {keeps the balance.} Bxe5 29. Re1) 28... b5 $40 {[%mdl 128] White needs to defend precisely.} ({Better is} 28... Rde8 $17 29. Nf3 Rxe1+ 30. Rxe1 Rxe1+ 31. Nxe1 Qe6 $1 {[%mdl 512]}) 29. Rxe5 $11 Bxe5 30. Nf3 Bf6 31. Qf4 Qd6 32. Qe3 a5 33. Qa7 a4 34. a3 g5 35. Qe3 (35. Qf2 $11) 35... g4 $15 36. Ne1 (36. hxg4 $15 fxg4 37. Nh2) 36... Kg7 $19 37. hxg4 fxg4 38. Qe4 $2 (38. g3) 38... h5 39. Nc2 Qd3 40. Qb7+ $2 {[#]} (40. Qxd3 {was the only chance.} Rxd3 41. Rb1) 40... Rd7 $1 {[%cal Rd7b7] Black is clearly winning.} 41. Nb4 Qf5 ({Not} 41... Rxb7 42. Nxd3 Rd7 43. Rd1 $17) 42. Qc6 g3 43. Nc2 Re7 {Accuracy: White = 37%, Black = 37%.} 0-1

[Event "Lichtenrader Herbst 2019"]
[Site "Berlin"]
[Date "2019.10.16"]
[Round "5.3"]
[White "Polatel, Ali"]
[Black "Nohr, Jonas"]
[Result "0-1"]
[WhiteElo "2235"]
[BlackElo "2124"]
[Annotator "TA"]
[PlyCount "102"]
[EventDate "2019.10.12"]
[EventType "swiss"]
[EventCountry "GER"]
[SourceTitle "playchess.com"]
[Source "ChessBase"]
[SourceQuality "1"]

{[%evp 21,102,15,27,18,23,26,26,10,23,23,7,2,10,9,0,8,8,0,13,4,37,34,28,20,47,49,46,43,54,61,70,0,0,0,0,-44,7,-80,14,15,16,17,19,21,12,0,10,3,3,7,38,7,7,6,8,4,8,4,3,8,8,0,0,0,0,0,0,0,0,0,0,-8,0,0,-4,-12,0,-2,0,0,0,-320,-310]} 1. Nf3 Nf6 2. c4 e6 3. e3 d5 4. d4 c6 5. Bd3 Nbd7 6. O-O dxc4 7. Bxc4 b5 8. Be2 a6 9. b3 Bb7 10. Bb2 Be7 11. Nbd2 c5 12. a4 {D27: Queen's Gambit Accepted: Classical main line: 7 e4!? and 7 a4} Qb6 (12... b4 13. Nc4 O-O 14. Nfe5 cxd4 15. Nxd7 Nxd7 16. Bxd4 Bf6 17. Rc1 Bd5 18. Qd2 a5 19. Rfd1 Qe7 20. Qc2 Rac8 21. Qb1 Bxc4 22. Rxc4 Rxc4 23. Bxc4 Rd8 24. h3 Bxd4 {½-½ (23) Mirzoev,A (2553)-Idani,P (2557) Urmia 2015}) 13. dxc5 Bxc5 14. axb5 {White has an edge.} axb5 15. Rxa8+ Bxa8 16. Nd4 b4 17. Nc4 Qb8 18. Bf3 O-O 19. Qe2 Nd5 $146 ({Predecessor:} 19... Ne4) 20. Ra1 N7f6 21. Qe1 Rc8 22. Ra5 Qc7 23. Qa1 Bb7 24. Ne2 Qe7 25. Nc1 Nc3 26. Bxb7 (26. Nd3 $1 $14 Bd5 27. Bxc3 (27. Nxc5 Rxc5 28. Rxc5 Qxc5 $16) 27... bxc3 28. Nxc5 (28. Qxc3 Bb6 $11) 28... Rxc5 29. Rxc5 (29. Qxc3 Rc8 $14) 29... Qxc5 30. Qxc3) 26... Qxb7 $11 27. Nd3 Bf8 28. Ra7 Qb8 (28... Qd5 $15 29. Nde5 (29. Bxc3 Qxd3 30. Bxf6 gxf6 $11) 29... Bc5 30. Rxf7 Bd6) 29. Nde5 {[#]} (29. Nce5 $11 {keeps the balance.}) 29... Rd8 (29... Ng4 $1 $17 {[%cal Rg4e5]} 30. Nxg4 Rd8) 30. Nc6 {[%mdl 64] Double Attack} Qxa7 $1 31. Nxa7 Rd1+ 32. Qxd1 Nxd1 33. Bd4 Nc3 34. Kf1 Nfd5 35. f3 Nc7 36. Be5 Na6 37. Nc6 Nb5 38. Ke2 f6 39. Bb2 Nc5 40. N4a5 e5 41. Bc1 Kf7 42. Bd2 Na6 43. Nc4 Ke6 44. N6a5 Be7 45. Kd3 Nc5+ 46. Kc2 Na6 47. Nb2 f5 48. Kd3 Nc5+ 49. Ke2 Nc3+ 50. Bxc3 $1 bxc3 {[%cal Bb4c3,Bc3c2][%mdl 32]} 51. Na4 $2 {[%mdl 8192] [#]} (51. Nd3 $11) 51... c2 $1 {Accuracy: White = 48%, Black = 58%.} ({Weaker is} 51... Nxa4 52. bxa4 e4 53. Nb3 $15) 0-1

[Event "Lichtenrader Herbst 2019"]
[Site "Berlin"]
[Date "2019.10.16"]
[Round "5.4"]
[White "Roehr, Tobias"]
[Black "Pixa, Richard"]
[Result "1-0"]
[WhiteElo "2123"]
[BlackElo "2075"]
[Annotator "NA"]
[PlyCount "33"]
[EventDate "2019.10.12"]
[EventType "swiss"]
[EventCountry "GER"]
[SourceTitle "playchess.com"]
[Source "ChessBase"]
[SourceQuality "1"]
[TimeControl "40/5400+30:1800+30"]

1. d4 {[%emt 0:00:00]} d5 {[%emt 0:00:00]} 2. c4 {[%emt 0:00:00]} e6 {[%emt 0:00:00]} 3. Nc3 {[%emt 0:00:00]} c6 {[%emt 0:00:00]} 4. e4 {[%emt 0:00:00]} dxe4 {[%emt 0:00:28]} 5. Nxe4 {[%emt 0:00:00]} Bb4+ {[%emt 0:00:04]} 6. Bd2 {[%emt 0:00:00]} Qxd4 {[%emt 0:00:06]} 7. Bxb4 {[%emt 0:00:03]} Qxe4+ {[%emt 0:00:05]} 8. Be2 {[%emt 0:00:05]} Na6 {[%emt 0:01:06]} 9. Bd6 {[%emt 0:00:06]} Ne7 {[%emt 0:11:22]} 10. Nf3 $16 {[%emt 0:14:30]} f6 {[%emt 0:09:19]} 11. O-O {[%emt 0:03:44]} Qf5 {[%emt 0:08:01]} 12. Re1 {[%emt 0:24:39]} Kf7 {[%emt 0:11:13]} 13. Nd4 {[%emt 0:10:06]} Qa5 {[%emt 0:03:34]} 14. Bh5+ {[%emt 0:07:38]} Ng6 {[%emt 0:12:40]} 15. c5 {[%emt 0:07:19]} Re8 {[%emt 0:07:39]} 16. f4 {[%emt 0:03:05]} Qd8 {[%emt 0:02:40]} 17. f5 {[%emt 0:01:16]} 1-0

[Event "Lichtenrader Herbst 2019"]
[Site "Berlin"]
[Date "2019.10.16"]
[Round "5.5"]
[White "Noeldner, Julian"]
[Black "Kovalev, Andrei"]
[Result "0-1"]
[WhiteElo "2051"]
[BlackElo "2511"]
[Annotator "TA"]
[PlyCount "50"]
[EventDate "2019.10.12"]
[EventType "swiss"]
[EventCountry "GER"]
[SourceTitle "playchess.com"]
[Source "ChessBase"]
[SourceQuality "1"]

{[%evp 13,68,46,48,47,64,23,51,-226,-222,-206,-204,-212,-239,-229,-202,-218,-168,-182,-177,-199,-176,-219,-175,-172,-130,-462,-468,-468,-481,-454,-479,-459,-455,-443,-438,-510,-508,-506,-370,-558,-551,-534,-558,-555,-550,-551,-547,-561,-539,-729,-714,-708,-699,-816,-765,-929,-874]} 1. e4 c5 2. Nf3 d6 3. d4 Nf6 4. Nc3 cxd4 5. Nxd4 Nc6 6. Bg5 a6 7. Bxf6 gxf6 8. Bc4 {B60: Sicilian: Richter-Rauzer: Unusual Black 6th moves and 6...Bd7 without 7 Qd2} (8. Nb3 h5 9. Be2 h4 10. f4 e6 11. a4 Bd7 12. O-O Qc7 13. Kh1 Ne7 14. Bg4 Bh6 15. Nd4 O-O-O 16. f5 {½-½ (47) Bosiocic,M (2548)-Brkic,A (2562) Porec 2014}) 8... e6 9. O-O Rg8 $146 ({Predecessor:} 9... Qc7 10. Bb3 Bd7 11. Re1 O-O-O 12. Na4 Kb8 13. Bc4 Nxd4 14. Qxd4 e5 15. Qb6 Bxa4 16. Qxc7+ Kxc7 17. Bxf7 {0-1 (24) Tanaka,A (1760)-Martins,A (2007) Cuiaba 2014}) 10. Bxe6 $2 {[%mdl 8192]} (10. Nxc6 $14 {keeps the upper hand.} bxc6 11. Qh5) 10... fxe6 $19 11. Qh5+ Rg6 12. Nxc6 bxc6 13. f4 {Black should prevent f5.} Ke7 14. e5 Rh6 15. exf6+ Rxf6 16. Qxh7+ Rf7 17. Qh5 Bg7 18. Ne4 Qh8 19. Qa5 $2 {[%mdl 8192]} (19. Qe2 $17) 19... Bd4+ 20. Kh1 {[#]} Rh7 $1 {[%csl Gh8][%cal Rh7h2]} 21. Qg5+ {[#]} ({Don't blunder} 21. Qc7+ $2 Bd7) 21... Kd7 $1 {[%csl Gh8][%cal Rh7h2]} 22. Qg3 Bb7 23. h3 c5 24. Ng5 {[#]} Rg8 $1 {[%mdl 512]} 25. Rf3 Rh4 {Played: Bd4-f6} 0-1

[Event "Lichtenrader Herbst 2019"]
[Site "Berlin"]
[Date "2019.10.16"]
[Round "5.6"]
[White "Jacobi, Robin"]
[Black "Miettinen, Teemu"]
[Result "1-0"]
[WhiteElo "2267"]
[BlackElo "2002"]
[Annotator "TA"]
[PlyCount "73"]
[EventDate "2019.10.12"]
[EventType "swiss"]
[EventCountry "GER"]
[SourceTitle "playchess.com"]
[Source "ChessBase"]
[SourceQuality "1"]

{[%evp 18,73,15,6,39,34,31,27,61,35,37,33,48,43,90,101,163,156,183,160,265,243,335,324,310,268,275,260,398,381,432,447,467,472,493,513,1336,1312,1217,1167,1461,1485,1370,1193,1008,912,912,912,854,854,879,857,857,841,766,545,539,530]} 1. Nf3 Nf6 2. g3 g6 3. b3 Bg7 4. Bb2 O-O 5. Bg2 d6 6. d4 Nbd7 7. O-O c6 8. c4 Re8 9. Nc3 e5 10. e3 Qa5 {E67: King's Indian: Fianchetto: 6...Nbd7} (10... a6 11. a4 Qc7 12. a5 Nf8 13. d5 e4 14. Nd2 Bf5 15. b4 h5 16. Nb3 h4 17. dxc6 bxc6 18. b5 h3 {1-0 (39) Indjic,A (2617)-Yuffa,D (2571) Abu Dhabi 2019}) 11. a3 exd4 12. Nxd4 $146 ({Predecessor:} 12. exd4 Nf8 13. Qd2 Qh5 14. Qg5 Qxg5 15. Nxg5 Bf5 16. Rfe1 Bc2 17. b4 Bd3 18. c5 {1-0 (46) Khairullin,R (2035)-Churaev,R (2147) Ufa 2010}) 12... Ne5 {White has an edge.} 13. h3 Qc7 14. Rc1 {[%cal Ba1c1,Bc1c2,Bc2d2][%mdl 32]} a6 15. Rc2 c5 {[#]} 16. Nde2 $1 Bf5 (16... Rb8 $16 {was worth a try.}) 17. Rd2 $18 Rad8 18. Nf4 Qb8 (18... Qe7 $16 19. g4 Nfxg4) 19. g4 Be6 20. g5 Nfd7 21. Nxe6 ({Don't do} 21. Rxd6 $6 Nb6 $18) 21... Rxe6 22. Ne4 Bf8 (22... Qc7 $142 23. Ba1 b6) 23. Qc2 b5 24. f4 {White is clearly winning.} bxc4 25. bxc4 ({Weaker is} 25. fxe5 Qxb3 26. exd6 Qxc2 $18) 25... Nc6 26. Qc3 {[%csl Gb2][%cal Rc3h8]} f6 (26... Nce5 $142 27. fxe5 Bg7 28. Nf6+ Bxf6 29. exf6 Qc7) 27. Nxf6+ Nxf6 28. gxf6 Qc8 29. Bd5 Kf7 30. e4 Ke8 {[#]} 31. f7+ $1 {[%mdl 512]} Kd7 (31... Kxf7 32. f5) 32. Bxe6+ Kxe6 33. f5+ gxf5 34. Qf6+ Kd7 35. Qxf5+ Kc7 36. Qxc8+ Rxc8 37. Bc3 {Accuracy: White = 92%, Black = 29%.} 1-0

[Event "Lichtenrader Herbst 2019"]
[Site "Berlin"]
[Date "2019.10.16"]
[Round "5.7"]
[White "Roehr, Oliver"]
[Black "Schnabel, Ralf"]
[Result "1/2-1/2"]
[WhiteElo "1987"]
[BlackElo "2235"]
[Annotator "TA"]
[PlyCount "134"]
[EventDate "2019.10.12"]
[EventType "swiss"]
[EventCountry "GER"]
[SourceTitle "playchess.com"]
[Source "ChessBase"]
[SourceQuality "1"]

{[%evp 11,133,35,60,40,38,-42,-39,-37,-9,-8,-11,-41,-41,-37,-25,-36,-45,-47,-33,-38,-37,-43,-48,-63,-54,-79,-39,-64,-57,-52,0,0,0,0,0,0,0,0,0,0,0,0,0,0,0,-17,-14,-17,-14,-16,-16,-19,-19,-70,-70,-127,-127,-127,-127,-170,-177,-150,-190,-177,-85,-123,-19,-19,0,-123,0,0,0,0,0,0,0,0,0,0,0,0,0,0,0,0,0,0,0,0,0,0,0,0,0,0,0,0,0,0,0,0,0,0,0,0,0,0,0,0,0,0,0,0,0,0,0,0,0,0,0,0,0,0]} 1. e4 d5 2. exd5 Qxd5 3. Nc3 Qd6 4. d4 Nf6 5. Bc4 a6 6. Nf3 b5 7. Bb3 {B01: Scandinavian Defence} (7. Bd3 Bb7 8. Qe2 Nbd7 9. O-O e6 10. a4 b4 11. Ne4 Qd5 12. Nxf6+ Nxf6 13. c4 bxc3 14. bxc3 Be7 {1-0 (48) Savic,M (2587)-Milanovic,D (2594) Belgrade 2015}) 7... e6 8. d5 (8. Bg5 $14) 8... c5 $1 $15 {[%cal Rc5c4] ...c4 is the strong threat.} 9. dxc6 {Black is slightly better.} Qxd1+ (9... Qc7 {looks sharper.} 10. O-O Nxc6 11. Re1 Be7 12. a4 b4) 10. Nxd1 Nxc6 11. Bf4 $146 (11. a4 $5 {[%cal Ra4b5]}) ({Predecessor:} 11. O-O Bb7 12. Be3 Bd6 13. Nc3 O-O 14. Rad1 {0-1 (43) Scheck,G (1267)-Neumaier,H (1858) Berlin 2010}) 11... Na5 12. Ne3 Bb7 13. Rd1 Nxb3 14. axb3 Nd5 15. Nxd5 Bxd5 16. O-O f6 17. Rfe1 Kf7 18. Nd2 Rc8 19. c4 bxc4 20. bxc4 Bxc4 (20... Ba8 $15) 21. Rc1 $1 $11 Bb4 {White must now prevent ...Bd3.} 22. Nxc4 Rxc4 23. Rxc4 Bxe1 {[%mdl 4096] Endgame KRB-KRB} 24. Kf1 Ba5 25. Ra4 Bb6 26. Rxa6 Bd4 27. b4 Rc8 28. b5 Rc2 29. Be3 Bxe3 30. fxe3 {KR-KR} Rb2 31. Rb6 h5 32. Rb8 (32. h4 $11) 32... Kg6 $15 33. b6 (33. h4 $15) 33... Kf5 $17 34. b7 e5 $1 35. Rh8 Rxb7 36. Rxh5+ Ke4 37. Rh3 Rb2 (37... Kd3 $19 {has better winning chances.} 38. Kf2 Rb2+ 39. Kf1 e4) 38. Rf3 {[#]} Rb1+ ({Black should try} 38... Kd3 $1 $17 39. h4 Rb4) 39. Ke2 $1 $11 Rb2+ ({Black should play} 39... Rb6 $11) 40. Kf1 $17 {[#]} f5 (40... Kd3 $1 $17 {Hoping for ...e4.} 41. h4 Rb4) 41. Rg3 $11 {The position is equal.} g5 42. Rxg5 Kxe3 {[%cal Rb2b1]} 43. g4 f4 44. Rxe5+ Kf3 {Strongly threatening ...Rb1+.} 45. g5 $1 Rxh2 {[%cal Rh2h1]} 46. Kg1 Rg2+ (46... Rc2 {feels hotter.} 47. Kf1 Rc1+ 48. Re1 Rc2 49. Re5) 47. Kf1 Rg4 (47... Rd2 {is more complex.} 48. g6 Rf2+ 49. Ke1 Rg2 50. Re6 Rg1+) 48. Re2 Rxg5 {( -> ...Rg1+!)} 49. Rf2+ Ke4 50. Ra2 Rg3 51. Kf2 Rc3 52. Ra4+ Kf5 53. Ra8 Rc2+ 54. Kf3 Rc3+ 55. Kf2 Rc5 56. Rf8+ Ke4 {Threatening ...Rc2+.} 57. Re8+ Re5 58. Rxe5+ Kxe5 {KP-K} 59. Kf3 Kf5 60. Kf2 Ke4 61. Ke2 f3+ 62. Kf2 Kf4 63. Kf1 Ke4 64. Kf2 Kf4 65. Kf1 Kg3 66. Kg1 f2+ 67. Kf1 Kf3 {Accuracy: White = 62%, Black = 69%.} 1/2-1/2

[Event "Lichtenrader Herbst 2019"]
[Site "Berlin"]
[Date "2019.10.16"]
[Round "5.8"]
[White "Bolk, Matthias"]
[Black "Postler, Reinhard"]
[Result "0-1"]
[WhiteElo "2087"]
[BlackElo "2240"]
[Annotator "TA"]
[PlyCount "58"]
[EventDate "2019.10.12"]
[EventType "swiss"]
[EventCountry "GER"]
[SourceTitle "playchess.com"]
[Source "ChessBase"]
[SourceQuality "1"]

{[%evp 9,64,0,0,0,0,0,0,6,0,-9,-5,-17,-10,-13,7,0,0,-5,0,0,6,15,0,-24,-33,-30,-24,-102,-33,-54,-47,-35,-52,-85,-81,-80,-87,-82,-81,-137,-62,-277,-59,-77,-47,-74,-50,-52,-43,-189,-186,-175,-212,-202,-198,-841,-826]} 1. b4 d5 2. Bb2 e6 3. b5 Nf6 4. e3 c5 5. Nf3 Nbd7 6. c4 {A00: Irregular Openings} (6. a4 a6 7. bxa6 bxa6 8. c4 Rb8 9. Ra2 Bd6 10. Na3 Qe7 11. d3 d4 12. e4 O-O 13. Be2 Ng4 {0-1 (59) Sitnikov,A (2450)-Burmakin,V (2611) Moscow 2008}) 6... b6 7. Be2 Bb7 8. O-O {The position is equal.} Bd6 9. d4 O-O 10. Nbd2 Qc7 11. h3 Rfe8 12. a4 $146 ({Predecessor:} 12. Qc2 a6 13. a4 cxd4 14. Bxd4 e5 15. bxa6 Bxa6 16. Bb2 e4 17. Nd4 Rec8 18. Nb5 {1-0 (18) Spiegel,M-Dilling,R corr 1997}) 12... Rad8 13. a5 e5 14. axb6 axb6 15. dxe5 Nxe5 16. Nxe5 Bxe5 17. Bxe5 Qxe5 18. Ra7 {[#]} (18. Bf3 $11) 18... Qb8 ({Black should play} 18... d4 $1 $17 {[%cal Rd4e3]} 19. exd4 (19. Rxb7 $2 dxe3 20. Bf3 exd2 $19) 19... Qb8 20. Rxb7 Qxb7) 19. Ra2 d4 20. exd4 Rxd4 21. Bf3 Ne4 22. Bxe4 Bxe4 ({Not} 22... Rexe4 23. Nxe4 Rxd1 24. Rxd1 $16) 23. Qa4 Bb7 24. Nb3 ({Better is} 24. Rfa1) 24... Rd3 (24... Rd6 $17 {Hoping for ...Bxg2!} 25. f3 h6) 25. Rd2 $2 {[#]} (25. Nc1 $1 $15 Rd6 26. Re2) 25... Rxd2 $2 (25... Rxh3 $3 $19 {[%mdl 512] ( -> ...Qh2#)} 26. gxh3 Qf4) 26. Nxd2 $15 h6 27. Qb3 Qf4 (27... Qd6 $5 {[%cal Rd6d2]} 28. Nf3 Qf4 $17) 28. Qd3 Re6 {And now ...Rd6 would win.} 29. Rd1 (29. Qg3 $15 Qxd2 30. Qb8+ {[%mdl 64] Double Attack} Kh7 31. Qxb7) 29... Rg6 {Played: Re6-d6} 0-1

[Event "Lichtenrader Herbst 2019"]
[Site "Berlin"]
[Date "2019.10.17"]
[Round "6.1"]
[White "Shishkin, Vadim"]
[Black "Starostits, Ilmars"]
[Result "1/2-1/2"]
[WhiteElo "2428"]
[BlackElo "2479"]
[Annotator "ChessBase"]
[PlyCount "30"]
[EventDate "2019.10.12"]
[EventType "swiss"]
[EventCountry "GER"]
[SourceTitle "playchess.com"]
[Source "ChessBase"]
[SourceQuality "1"]
[TimeControl "40/5400+30:1800+30"]

1. d4 {[%emt 0:00:00]} d5 {[%emt 0:00:00]} 2. c4 {[%emt 0:00:00]} c6 {[%emt 0:00:00]} 3. Nf3 {[%emt 0:00:00]} Nf6 {[%emt 0:00:00]} 4. Nc3 {[%emt 0:00:00]} a6 {[%emt 0:00:01]} 5. e3 {[%emt 0:00:00]} Bg4 {[%emt 0:00:30]} 6. h3 {[%emt 0:00:29]} Bxf3 {[%emt 0:00:07]} 7. Qxf3 {[%emt 0:00:05]} e6 {[%emt 0:00:35]} 8. Bd2 {[%emt 0:00:11]} Be7 {[%emt 0:00:24]} 9. Qd1 {[%emt 0:00:09]} Nbd7 {[%emt 0:00:21]} 10. Be2 {[%emt 0:00:24]} O-O {[%emt 0:00:10]} 11. O-O {[%emt 0:00:09]} b5 {[%emt 0:00:33]} 12. cxd5 {[%emt 0:03:43]} cxd5 {[%emt 0:00:07]} 13. a4 {[%emt 0:00:04]} b4 {[%emt 0:00:18]} 14. Na2 {[%emt 0:00:04]} a5 {[%emt 0:00:55]} 15. Nc1 {[%emt 0:00:38]} Nb6 {[%emt 0:00:19]} 1/2-1/2

[Event "Lichtenrader Herbst 2019"]
[Site "Berlin"]
[Date "2019.10.17"]
[Round "6.2"]
[White "Nohr, Jonas"]
[Black "Roehr, Tobias"]
[Result "1/2-1/2"]
[WhiteElo "2124"]
[BlackElo "2123"]
[Annotator "NA"]
[PlyCount "71"]
[EventDate "2019.10.12"]
[EventType "swiss"]
[EventCountry "GER"]
[SourceTitle "playchess.com"]
[Source "ChessBase"]
[SourceQuality "1"]
[TimeControl "40/5400+30:1800+30"]

1. d4 {[%emt 0:00:00]} Nf6 {[%emt 0:00:02]} 2. Bf4 {[%emt 0:00:00]} e6 {[%emt 0:02:45]} 3. e3 {[%emt 0:00:11]} d5 {[%emt 0:02:09]} 4. c3 {[%emt 0:00:15]} Bd6 {[%emt 0:01:58]} 5. Bg3 {[%emt 0:03:24]} O-O {[%emt 0:01:43]} 6. Nd2 {[%emt 0:00:24]} c5 {[%emt 0:05:09]} 7. Bd3 {[%emt 0:00:19]} Nc6 {[%emt 0:01:09]} 8. Ngf3 {[%emt 0:04:30]} Ne7 {[%emt 0:02:21]} 9. Qe2 {[%emt 0:03:32]} Re8 {[%emt 0:12:40]} 10. Ne5 {[%emt 0:06:09]} Nf5 {[%emt 0:06:40]} 11. f4 {[%emt 0:01:54]} Be7 {[%emt 0:01:04]} 12. Bf2 {[%emt 0:02:00]} Nd6 {[%emt 0:01:14]} 13. dxc5 {[%emt 0:08:37]} Nde4 {[%emt 0:00:08]} 14. Nxe4 {[%emt 0:00:05]} Nxe4 {[%emt 0:04:40]} 15. c6 {[%emt 0:05:56]} f6 {[%emt 0:03:49]} 16. cxb7 {[%emt 0:04:27]} Bxb7 {[%emt 0:00:10]} 17. Nf3 {[%emt 0:03:01]} Qb6 {[%emt 0:03:51]} 18. O-O {[%emt 0:03:11]} Bc5 {[%emt 0:04:30]} 19. Rfe1 {[%emt 0:04:12]} a5 {[%emt 0:12:59]} 20. Rab1 {[%emt 0:10:13]} Rad8 {[%emt 0:04:37]} 21. Nd2 {[%emt 0:02:22]} Qd6 {[%emt 0:11:07]} 22. Bb5 {[%emt 0:03:57]} Bc6 {[%emt 0:01:05]} 23. Bxc6 {[%emt 0:01:06]} Qxc6 {[%emt 0:00:04]} 24. Nxe4 {[%emt 0:00:08]} dxe4 {[%emt 0:00:04]} 25. Rbd1 {[%emt 0:02:39]} Qb6 {[%emt 0:02:47]} 26. h3 {[%emt 0:02:06]} Rd3 {[%emt 0:05:07]} 27. Rxd3 {[%emt 0:00:36]} exd3 {[%emt 0:00:03]} 28. Qxd3 {[%emt 0:00:06]} Qxb2 {[%emt 0:00:17]} 29. Qd7 {[%emt 0:01:49]} Kf8 {[%emt 0:00:09]} 30. Qd3 {[%emt 0:01:45]} Qxa2 {[%emt 0:01:09]} 31. Qxh7 {[%emt 0:00:14]} Qc4 {[%emt 0:02:16]} 32. Rd1 {[%emt 0:04:06]} a4 {[%emt 0:01:38]} 33. h4 {[%emt 0:05:30]} Qxc3 {[%emt 0:02:04]} 34. Rd7 {[%emt 0:00:17]} Be7 {[%emt 0:00:22]} 35. Qh8+ {[%emt 0:01:54]} Kf7 {[%emt 0:00:04]} 36. Qh5+ {[%emt 0:00:03]} 1/2-1/2